| 000 | 01315nam a2200325 i 4500 | ||
|---|---|---|---|
| 003 | EG-ScBUE | ||
| 005 | 20231207105603.0 | ||
| 008 | 170517s2000 le f 000 0aara d | ||
| 040 |
_aEG-ScBUE _bara _erda _cEG-ScBUE _dEG-ScBUE |
||
| 041 | 1 |
_aara _heng |
|
| 043 | _aawba--- | ||
| 082 | 0 | 4 |
_222 _a956.9405092 _bس ع ي |
| 100 | 1 |
_aسعيد، إدوارد، _d1935-2003، _eمؤلف. |
|
| 240 | 1 | 0 |
_aOut of place. _lArabic |
| 245 | 1 | 0 |
_aخارج المكان : _bمذكرات / _cإدوارد سعيد ؛ نقلها إلى العربية فواز طرابلسي. |
| 250 | _aالطبعة الأولى. | ||
| 264 | 1 |
_aبيروت : _bدار الآداب للنشر والتوزيع، _c2000. |
|
| 300 |
_a359 صفحة ؛ _c24 سم |
||
| 336 |
_2rdacontent _aنص _btxt |
||
| 337 |
_aبدون وسيط _2rdamedia _bn |
||
| 338 |
_aمجلد _bnc _2rdacarrier |
||
| 546 | _aالنص باللغة العربية ؛ مترجم من اللغة الإنجليزية. | ||
| 600 | 1 | 7 |
_a سعيد، إدوارد، _d1935-2003 _vيوميات. _2BUEsh |
| 650 | 7 |
_2BUEsh _aالمؤرخون الفلسطينيون _vتراجم. |
|
| 651 | 7 |
_2BUEsh _aفلسطين _xتاريخ _vمرويات شخصية. |
|
| 653 |
_bGGEN _cMay2017 |
||
| 655 | _vReading book | ||
| 700 | 1 |
_aطرابلسي، فواز. _eمترجم. |
|
| 942 | _2ddc | ||
| 999 |
_c24842 _d24814 |
||